Responses for Show #1513 - Wednesday, March 13, 1991

Game entered from audiorecording. Missing prizes.

Contestants

[<< previous game]

Pat Buckley, an attorney from Philadelphia, Pennsylvania

Case van Kempen, a minister originally from the Netherlands

David Epstein, a lawyer from Irvine, California (whose 3-day cash winnings total $25,902)

[next game >>]

Jeopardy! Round responses

RULERS
THE CALENDAR
TV CHARACTERS
INSECTS
BABY & CHILD CARE
AIN'T IT "GRAND"
    $100 1
Russia

David
    $100 22
September, April, June, & November

Pat
    $100 16
Gary Burghoff

Pat
    $100 11
a queen

Pat
    $100 6
teeth

Pat
    $100 21
a grand slam

David
    $200 2
Juan Carlos

David
    $200 23
Advent

Case
    $200 17
Hazel

Pat
    $200 12
a gizzard

Case
    $200 7
diabetes

Pat
    $200 27
Grand Coulee Dam

David
    $300 3
Queen Juliana (of the Netherlands)

Pat
    $300 24
Hebrew or Jewish calendar

David
    $300 18
(Alex: Whoosh! Who is [*]?)

The Flash

Triple Stumper
    $300 13
an earwig

David
    $300 8
aspirin

Case
    $300 28
the Grand National

Pat
    $400 4
Venice

David
    $700 25
(Alex: [*], for Saturn, yes.)

Saturday

David
    $400 19
Lee Majors

Pat
    $400 14
sound (hearing)

David
    $400 9
measles & mumps

Case
    $400 29
"It's A Grand Night For Singing"

Triple Stumper
    $500 5
(David: What is Denmark?)
(Case: What is Sweden?)
(Pat: What is Finland?)
(Alex: You were all in the neighborhood, but you missed [*]. [*].)

Norway

DavidCasePat
Triple Stumper
    $500 26
Old Style

David
    $500 20
The Night Stalker

Pat
    $500 15
metamorphosis

Pat
    $500 10
pinkeye

Pat
    $500 30
the Grand Banks

David

Scores at the first commercial break (after clue 15):

David Case Pat
$900 $400 $1,200

Scores at the end of the Jeopardy! Round:

David Case Pat
$3,200 $600 $2,800

Double Jeopardy! Round responses

AMERICAN LITERATURE
ANCIENT WORLD
MODERN ART
INVENTORS
MONEY
PEACE PRIZE WINNERS
    $200 7
John Steinbeck

Case
    $200 2
the Colosseum

David
    $200 12
mobiles

Case
    $200 1
glass

David
    $200 17
Sir Walter Scott

David
    $200 26
Gorbachev

Case
    $400 8
Harriet Beecher Stowe

Pat
    $400 3
(Case: What is Buddhism?)

Daoism

DavidCase
    $400 13
(Alex: Spanish.)

Picasso

Triple Stumper
    $400 22
air conditioning

Pat
    $400 18
florins

Case
    $400 27
Woodrow Wilson

Case
    $2,000 9
science fiction

Pat
    $600 4
patricians

David
    $600 14
Jackson Pollock

Case
    $600 23
nylon

Pat
    $600 19
New York

Pat
    $600 28
Geneva

Pat
    $800 10
Longfellow

Pat
    $1,500 5
Thebes

David
    $800 15
cartoons (or comics)

Case
    $800 24
the metronome

Pat
    $800 20
a schilling

Pat
    $800 29
Jane Addams

David
    $1000 11
(David: MODERN ART for $2000 please.)
(Alex: I'm sorry?)
(David: MODERN ART for $2000 please.)
(Alex: Well, we don't have a clue that's worth $2000.)
(David: $200. I'm sorry. I'm getting greedy and I apologize.)
(Alex: That's all right.)

Lillian Hellman

David
    $1000 6
Minos

Pat
    $1000 16
(Aubrey) Beardsley

David
    $1000 25
the Montgolfier brothers

David
    $1000 21
(Alex: It used to be British Guiana, it is now [*].)

Guyana

Triple Stumper
    $1000 30
Willy Brandt

Pat

Scores at the end of the Double Jeopardy! Round:

David Case Pat
$10,100 $3,000 $11,800

[wagering suggestions for these scores]

Final Jeopardy! Round responses

COUNTRIES OF THE WORLD
(Alex: [To Case] Can we accept that for [*]? I'm sorry, we can't. The N is not that clear anyway.)
CaseWhat is Suriname N.Z.
$1,000
DavidWhat is New Zealand?
$10,099
PatWhat is Argentina?
$8,401
New Zealand

Final scores:

David Case Pat
$20,199 $2,000 $3,399
4-day champion: $46,101 3rd place 2nd place: trip to Las Vegas

Game dynamics:

Coryat scores:

David Case Pat
$9,100 $3,000 $10,400
21 R
(including 2 DDs),
1 W
11 R,
2 W
23 R
(including 1 DD),
1 W

Combined Coryat: $22,500

[game clues] [game scores] [suggest correction]

Game tape date: 1991-01-28
The J! Archive is created by fans, for fans. Scraping, republication, monetization, and malicious use prohibited; this site may use cookies and collect identifying information. See terms. The Jeopardy! game show and all elements thereof, including but not limited to copyright and trademark thereto, are the property of Jeopardy Productions, Inc. and are protected under law. This website is not affiliated with, sponsored by, or operated by Jeopardy Productions, Inc. Join the discussion at JBoard.tv.